000 00615nam a2200217 a 4500
001 19215
003 CO-ViMGA
008 141112s2004 ck r 000 u spa d
020 _a8476726961
040 _aCO-ViMGA
_bspa
_cCO-ViMGA
082 0 4 _a892.1 G417l
100 1 _aGibran, Khalil
_916068
245 1 0 _aEl Loco /
_cEl Vagabundo
260 _aBarcelona :
_bEdicomunicacion; 1995
300 _a127 p.
490 _aColección Fontana, clásicos universales
590 _aForma de adquisición : Premio Mincultura
650 1 4 _aCUENTOS LIBANESES
_93743
650 1 4 _aPOESIA LIBANESA
_916069
942 _2ddc
_cBK
999 _c28377
_d28377